000
00318nam a2200121Ia 4500
008
230907s9999||||xx |||||||||||||| ||und||
082
_a
891.439
_b
HAQ
245
0
_a
عشق کا عین , Ishq ka ain /
260
_a
Khazeena Ilm O Adab,
_b
Lahore :
_c
2010
300
_a
304 p.
650
_a
Urdu Literature.
942
_c
BK
999
_c
599685
_d
599685